Entre el poder y las letras (Record no. 187061)

MARC details
000 -LEADER
campo de control de longitud fija 00740nam a2200229 i 4500
001 - NÚMERO DE CONTROL
campo de control 187061
003 - IDENTIFICADOR DE NÚMERO DE CONTROL
campo de control SpMaBN
005 - FECHA Y HORA DE LA ÚLTIMA TRANSACCIÓN
campo de control 20251014063302.0
008 - DATOS DE LONGITUD FIJA--INFORMACIÓN GENERAL
campo de control de longitud fija 170407s1989 mx c |||| |dspa d
020 ## - NÚMERO INTERNACIONAL ESTÁNDAR DEL LIBRO
Número Internacional Estándar del Libro 968-16-3252-4
080 ## - NÚMERO DE LA CLASIFICACIÓN DECIMAL UNIVERSAL
Número de la Clasificación Decimal Universal 929:32 Vasconcelos, José
100 1# - ENTRADA PRINCIPAL--NOMBRE DE PERSONA
Nombre de persona Robles, Martha,
Fechas asociadas al nombre 1948-
9 (RLIN) 162318
245 10 - MENCIÓN DEL TÍTULO
Título Entre el poder y las letras
Resto del título : Vasconcelos en sus memorias /
Mención de responsabilidad, etc. Martha Robles.
250 ## - MENCION DE EDICION
Mención de edición 1ª ed.
260 ## - PUBLICACIÓN, DISTRIBUCIÓN, ETC.
Lugar de publicación, distribución, etc. México :
Nombre del editor, distribuidor, etc. Fondo de Cultura Económica,
Fecha de publicación, distribución, etc. 1989.
300 ## - DESCRIPCIÓN FÍSICA
Extensión 132 p. :
Otras características físicas 1 retr. ;
Dimensiones 23 cm.
500 ## - NOTA GENERAL
Nota general Apéndices documentales.
504 ## - NOTA DE BIBLIOGRAFÍA, ETC.
Nota de bibliografía, etc. Bibliografía: p. 129-132.
600 14 - PUNTO DE ACCESO ADICIONAL DE MATERIA--NOMBRE DE PERSONA
Nombre de persona Vasconcelos, José,
Fechas asociadas al nombre 1881-1959
9 (RLIN) 113268
852 ## - LOCALIZACIÓN
Ubicación ES-MaACL
Número de control de estantería L-31384
Holdings
Estatus retirado Estado de pérdida Estado de daño No para préstamo Biblioteca de origen Biblioteca actual Ubicación en estantería Fecha de adquisición Fuente de adquisición Total de préstamos Signatura topográfica completa Código de barras Visto por última vez Precio de reemplazo Tipo de ítem Koha
        Biblioteca del Ateneo de Madrid Biblioteca del Ateneo de Madrid Depósito 2 07/04/2017     L-31384 1197348 23/02/2023 23/02/2023 Libro impreso